[Event "Leer op"]
[Site "Leer"]
[Date "2024.11.01"]
[Round "4"]
[White "Wagner, Benjamin"]
[Black "Reuter, Julian Frank"]
[Result "1-0"]
[WhiteElo "2243"]
[BlackElo "2119"]
[PlyCount "71"]
[EventDate "2024.10.31"]
[EventType "swiss"]
[EventRounds "7"]
[EventCountry "GER"]
[SourceTitle "CB45_2024"]
[Source "ChessBase"]
[SourceDate "2024.11.06"]
[SourceVersion "1"]
[SourceVersionDate "2024.11.06"]
[SourceQuality "1"]

1. e4 c5 2. Nf3 d6 3. d4 cxd4 4. Nxd4 Nf6 5. Nc3 a6 6. Bg5 e6 7. f4 h6 8. Bh4 Qb6 9. a3 Be7 10. Bf2 Qc7 11. Qf3 Nbd7 12. 0-0-0 b5 13. Bd3 Bb7 14. Qg3 Nh5 15. Nxe6 Qa5 16. Qh3 g6 17. Nd5 fxe6 18. Be1 Qd8 19. Qxe6 Nf8 20. Qg4 Bxd5 21. exd5 Nxf4 22. Be4 Qd7 23. Qf3 Rg8 24. Kb1 Nh5 25. Bc3 Nh7 26. Rhf1 N5f6 27. Bd3 Qg4 28. Qf2 Kd7 29. Qb6 Rgc8 30. Rde1 Nxd5 31. Qb7+ Nc7 32. Rf7 Re8 33. Rxh7 Qg5 34. Be4 d5 35. Bf3 Rac8 36. Bb4 1-0

[Event "Leer op"]
[Site "Leer"]
[Date "2024.10.31"]
[Round "2"]
[White "Wagner, Benjamin"]
[Black "De Vries, Carsten"]
[Result "1-0"]
[WhiteElo "2243"]
[BlackElo "1942"]
[PlyCount "107"]
[EventDate "2024.10.31"]
[EventType "swiss"]
[EventRounds "7"]
[EventCountry "GER"]
[SourceTitle "CB45_2024"]
[Source "ChessBase"]
[SourceDate "2024.11.06"]
[SourceVersion "1"]
[SourceVersionDate "2024.11.06"]
[SourceQuality "1"]

1. e4 c6 2. d4 d5 3. Nc3 dxe4 4. Nxe4 Nf6 5. Nxf6+ exf6 6. c3 Bd6 7. Bd3 0-0 8. Qc2 Re8+ 9. Ne2 h5 10. Be3 h4 11. 0-0-0 Nd7 12. c4 Nf8 13. Kb1 b5 14. c5 Bc7 15. d5 cxd5 16. Bxb5 Rb8 17. Bxe8 Qxe8 18. Nd4 Ne6 19. Rhe1 g6 20. Ka1 Rb4 21. Nxe6 Bxe6 22. Qc3 Qb8 23. Bd4 Rc4 24. Qe3 Ba5 25. Bxf6 Kh7 26. Re2 Bb4 27. Bd4 Ba5 28. Rc1 Rxc1+ 29. Qxc1 Qxh2 30. b4 Bc7 31. f3 Bf4 32. Qe1 a6 33. Bg1 Qh1 34. Be3 Be5+ 35. Kb1 Qxe1+ 36. Rxe1 Bc3 37. Rh1 Bf5+ 38. Kc1 h3 39. g4 Bd7 40. Rxh3+ Kg7 41. Bd2 Bd4 42. Rh1 Kf8 43. Rd1 Bf6 44. Be3 Bc6 45. Bd4 Bg5+ 46. Kb2 Ke8 47. Kb3 Bb5 48. a4 Bc4+ 49. Kc3 Kd7 50. Rh1 Be2 51. Rh7 Ke6 52. c6 Bd8 53. Rh8 Bc7 54. Re8+ 1-0

[Event "Titled Tuesday intern op 13th Aug Early"]
[Site "Chess.com INT"]
[Date "2024.08.13"]
[Round "5"]
[White "Badelka, Olga"]
[Black "Wagner, Benjamin"]
[Result "0-1"]
[WhiteElo "2409"]
[BlackElo "2217"]
[PlyCount "70"]
[EventDate "2024.08.13"]
[EventType "swiss (blitz)"]
[EventRounds "11"]
[EventCountry "USA"]
[SourceTitle "EXT 2025"]
[Source "ChessBase"]
[SourceDate "2024.10.14"]
[SourceVersion "1"]
[SourceVersionDate "2024.10.14"]
[SourceQuality "1"]

1. Nf3 d5 2. g3 e6 3. Bg2 f5 4. c4 c6 5. d4 Bd6 6. 0-0 Nd7 7. Nbd2 Ngf6 8. b3 0-0 9. Bb2 Ne4 10. Rc1 Qf6 11. e3 g5 12. a4 g4 13. Nxe4 fxe4 14. Nh4 Qg5 15. a5 a6 16. Qd2 Rf7 17. b4 Nf6 18. Rc2 Bd7 19. Rfc1 Raf8 20. Rf1 Ne8 21. Bc3 Ng7 22. Qe2 h5 23. Qd1 Nf5 24. Nxf5 Rxf5 25. h4 gxh3 26. Bxh3 Rf3 27. Bg2 h4 28. Be1 hxg3 29. fxg3 Qxe3+ 30. Bf2 Rxf2 31. Rcxf2 Bxg3 32. Qg4+ Kh7 33. Qh5+ Kg7 34. Qg4+ Kh6 35. Bh3 Rxf2 0-1

[Event "Titled Tuesday intern op 13th Aug Early"]
[Site "Chess.com INT"]
[Date "2024.08.13"]
[Round "9"]
[White "Wagner, Benjamin"]
[Black "Arslanov, Shamil"]
[Result "1-0"]
[WhiteElo "2217"]
[BlackElo "2410"]
[PlyCount "101"]
[EventDate "2024.08.13"]
[EventType "swiss (blitz)"]
[EventRounds "11"]
[EventCountry "USA"]
[SourceTitle "EXT 2025"]
[Source "ChessBase"]
[SourceDate "2024.10.14"]
[SourceVersion "1"]
[SourceVersionDate "2024.10.14"]
[SourceQuality "1"]

1. d4 e5 2. dxe5 d6 3. Nf3 Bg4 4. Bf4 Nc6 5. exd6 Qf6 6. e3 Bxd6 7. Bxd6 0-0-0 8. Nc3 Rxd6 9. Bd3 Rd8 10. Qe2 Ne5 11. Be4 c6 12. h3 Bh5 13. g4 Bg6 14. Nxe5 Bxe4 15. Nxe4 Qxe5 16. Nc3 Nf6 17. Rd1 h5 18. f4 Rxd1+ 19. Nxd1 Qd5 20. Rg1 hxg4 21. hxg4 Ne4 22. Qd3 Qe6 23. Nf2 Nxf2 24. Kxf2 Rd8 25. Qf5 Rd2+ 26. Kf3 Kd7 27. Qxe6+ Kxe6 28. Rg2 Rd1 29. Ke4 g6 30. f5+ gxf5+ 31. gxf5+ Kf6 32. Rh2 Rf1 33. Rh6+ Kg5 34. Rh7 Kf6 35. Rh6+ Kg5 36. Rh8 Rf2 37. Rb8 Rxc2 38. Rxb7 Kf6 39. Kd3 Rc5 40. e4 a5 41. b3 Ke5 42. Rxf7 Rb5 43. Re7+ Kf4 44. Re6 c5 45. f6 Rb8 46. Re7 Rf8 47. f7 Kg5 48. e5 Kf5 49. e6 Kf6 50. Re8 Rxf7 51. exf7 1-0

[Event "Titled Tuesday intern op 30th Jul Early"]
[Site "Chess.com INT"]
[Date "2024.07.30"]
[Round "4"]
[White "Arias, Juan Cruz"]
[Black "Wagner, Benjamin"]
[Result "1-0"]
[WhiteElo "2348"]
[BlackElo "2217"]
[PlyCount "105"]
[EventDate "2024.07.30"]
[EventType "swiss (blitz)"]
[EventRounds "11"]
[EventCountry "USA"]
[SourceTitle "EXT 2025"]
[Source "ChessBase"]
[SourceDate "2024.10.14"]
[SourceVersion "1"]
[SourceVersionDate "2024.10.14"]
[SourceQuality "1"]

1. d4 f5 2. Nc3 Nf6 3. Bg5 e6 4. e4 fxe4 5. Nxe4 Be7 6. Bxf6 Bxf6 7. Nf3 0-0 8. Bd3 b6 9. h4 Nc6 10. c3 Bb7 11. Qe2 Ne7 12. 0-0-0 Nd5 13. g3 a5 14. Nfg5 h6 15. f4 a4 16. a3 c5 17. Nd6 cxd4 18. Qe4 Re8 19. Qh7+ Kf8 20. Rhe1 Ne3 21. Nxe8 Qxe8 22. Rxe3 dxe3 23. Bg6 Qc8 24. Ne4 Bxe4 25. Bxe4 Rb8 26. Bc2 Ke7 27. Qd3 Qc6 28. Qxe3 Rc8 29. f5 Qc5 30. Qe4 b5 31. fxe6 dxe6 32. Re1 Qc6 33. Qe3 Qd6 34. Kb1 Rd8 35. Bf5 e5 36. Bc2 Kf8 37. g4 Qd2 38. Qe4 Qd5 39. Qf5 Qd2 40. Rf1 Ke7 41. Qf3 Qd5 42. Qe2 Rd7 43. g5 hxg5 44. hxg5 Bxg5 45. Qh5 Bf6 46. Qe2 Qc4 47. Qf3 Qf4 48. Qe2 Qc4 49. Qg2 Qd5 50. Qh3 Qc4 51. Ka1 Rd2 52. Rc1 Qd5 53. Qe3 1-0

[Event "Titled Tuesday intern op 30th Jul Early"]
[Site "Chess.com INT"]
[Date "2024.07.30"]
[Round "7"]
[White "Barp, Alberto"]
[Black "Wagner, Benjamin"]
[Result "0-1"]
[WhiteElo "2463"]
[BlackElo "2217"]
[PlyCount "42"]
[EventDate "2024.07.30"]
[EventType "swiss (blitz)"]
[EventRounds "11"]
[EventCountry "USA"]
[SourceTitle "EXT 2025"]
[Source "ChessBase"]
[SourceDate "2024.10.14"]
[SourceVersion "1"]
[SourceVersionDate "2024.10.14"]
[SourceQuality "1"]

1. f4 d6 2. Nf3 Nf6 3. d3 c5 4. e4 Nc6 5. g3 g6 6. Bg2 Bg7 7. 0-0 e5 8. Nc3 exf4 9. Bxf4 0-0 10. Qd2 d5 11. e5 Ng4 12. Rae1 d4 13. Ne4 Ngxe5 14. Nxe5 Nxe5 15. Bg5 Qc7 16. Bf6 Ng4 17. Qg5 h6 18. Qd2 Bf5 19. h3 Nxf6 20. Nxf6+ Bxf6 21. g4 Bg5 0-1

[Event "Titled Tuesday intern op 30th Jul Early"]
[Site "Chess.com INT"]
[Date "2024.07.30"]
[Round "6"]
[White "Vaglio Mattey, Emanuel"]
[Black "Wagner, Benjamin"]
[Result "0-1"]
[WhiteElo "2155"]
[BlackElo "2217"]
[PlyCount "118"]
[EventDate "2024.07.30"]
[EventType "swiss (blitz)"]
[EventRounds "11"]
[EventCountry "USA"]
[SourceTitle "EXT 2025"]
[Source "ChessBase"]
[SourceDate "2024.10.14"]
[SourceVersion "1"]
[SourceVersionDate "2024.10.14"]
[SourceQuality "1"]

1. d4 f5 2. c4 Nf6 3. Nc3 e6 4. Nf3 Bb4 5. e3 0-0 6. Qc2 b6 7. Bd3 Bb7 8. Bd2 Bxc3 9. Bxc3 Ne4 10. Rd1 d6 11. 0-0 Nd7 12. Nd2 Nxc3 13. bxc3 Rf6 14. e4 Rh6 15. Rde1 e5 16. exf5 Qh4 17. f3 Qxh2+ 18. Kf2 Qh4+ 19. Kg1 exd4 20. cxd4 Qxd4+ 21. Rf2 Ne5 22. Be4 Bxe4 23. Rxe4 Rh1+ 24. Kxh1 Qxf2 25. Qd1 Rf8 26. Qe1 Qxe1+ 27. Rxe1 Rxf5 28. Re4 g5 29. Kg1 Rf4 30. Kf2 Rxe4 31. fxe4 Kg7 32. Ke3 Kf6 33. Kd4 Nc6+ 34. Kd5 Nb4+ 35. Kd4 Nxa2 36. g4 Nb4 37. Nf3 Nc6+ 38. Kd5 Ne7+ 39. Kd4 c6 40. Nd2 Ng6 41. Nf3 Ne5 42. Nh2 a5 43. Kc3 b5 44. cxb5 cxb5 45. Kd4 a4 46. Kc3 a3 47. Kb3 b4 48. Ka2 Ke6 49. Kb3 Kd7 50. Ka2 Kc6 51. Kb3 Kb5 52. Nf1 Nxg4 53. Nd2 Nf2 54. Nf3 Nxe4 55. Nd4+ Kc5 56. Ne6+ Kd5 57. Nc7+ Kc6 58. Ne6 Nc5+ 59. Kxb4 Nxe6 0-1

[Event "Titled Tuesday intern op 30th Jul Early"]
[Site "Chess.com INT"]
[Date "2024.07.30"]
[Round "8"]
[White "Wagner, Benjamin"]
[Black "Ghevondyan, Arman"]
[Result "1-0"]
[WhiteElo "2217"]
[BlackElo "2216"]
[PlyCount "84"]
[EventDate "2024.07.30"]
[EventType "swiss (blitz)"]
[EventRounds "11"]
[EventCountry "USA"]
[SourceTitle "EXT 2025"]
[Source "ChessBase"]
[SourceDate "2024.10.14"]
[SourceVersion "1"]
[SourceVersionDate "2024.10.14"]
[SourceQuality "1"]

1. e4 c5 2. Nf3 Nc6 3. d4 cxd4 4. Nxd4 g6 5. Nc3 Bg7 6. Nb3 Nf6 7. Be2 0-0 8. 0-0 d6 9. Be3 Be6 10. h3 Rc8 11. f4 a6 12. Kh1 b5 13. Bf3 Na5 14. Nxa5 Qxa5 15. Bd4 b4 16. Nd5 Nxd5 17. exd5 Bxd4 18. dxe6 Bxb2 19. exf7+ Kg7 20. Bd5 Bxa1 21. Qxa1+ Rc3 22. Qd1 Qc5 23. f5 Rxc2 24. Qf3 Qd4 25. fxg6 hxg6 26. Be4 Rc3 27. Qg4 Qxe4 28. Qxe4 e5 29. Qd5 Rc7 30. Qxd6 Rcxf7 31. Qxe5+ Kg8 32. Rxf7 Rxf7 33. Qe6 Kg7 34. Qxa6 Rf5 35. Qc4 Kh6 36. Qxb4 Kg5 37. a4 Re5 38. Qg4+ Kh6 39. Qh4+ Kg7 40. Qd4 Kf6 41. a5 Kf5 42. a6 g5 1-0

[Event "Titled Tuesday intern op 23rd Jul Late"]
[Site "Chess.com INT"]
[Date "2024.07.23"]
[Round "1"]
[White "Asish, Panda"]
[Black "Wagner, Benjamin"]
[Result "0-1"]
[WhiteElo "1911"]
[BlackElo "2217"]
[PlyCount "80"]
[EventDate "2024.07.23"]
[EventType "swiss (blitz)"]
[EventRounds "11"]
[EventCountry "USA"]
[SourceTitle "EXT 2025"]
[Source "ChessBase"]
[SourceDate "2024.10.14"]
[SourceVersion "1"]
[SourceVersionDate "2024.10.14"]
[SourceQuality "1"]

1. e4 d6 2. g3 e5 3. Bg2 Nf6 4. Ne2 Nc6 5. 0-0 Be6 6. c3 d5 7. exd5 Bxd5 8. d4 Bxg2 9. Kxg2 exd4 10. Nxd4 Nxd4 11. cxd4 Qd5+ 12. Kg1 0-0-0 13. Be3 Bd6 14. Nc3 Qf5 15. Qa4 a6 16. Kg2 Nd5 17. Qb3 Be7 18. Rae1 Bf6 19. h3 Rhe8 20. Qc4 Nb6 21. Qb3 Rd7 22. a4 Red8 23. Ne2 Qe4+ 24. Kg1 Nd5 25. Rc1 Nxe3 26. Qxe3 Qf5 27. d5 Kb8 28. Rfd1 Rxd5 29. Rxd5 Qxd5 30. Nc3 Qd7 31. Ne4 Bxb2 32. Rb1 Bd4 33. Qb3 Qd5 34. Qc2 f5 35. Nc3 Qf3 36. Nd1 Qxg3+ 37. Kf1 Qxh3+ 38. Kg1 Rd6 39. Rxb7+ Kxb7 40. Qb3+ Qxb3 0-1

[Event "Titled Tuesday intern op 23rd Jul Late"]
[Site "Chess.com INT"]
[Date "2024.07.23"]
[Round "5"]
[White "Bacrot, Etienne"]
[Black "Wagner, Benjamin"]
[Result "1-0"]
[WhiteElo "2677"]
[BlackElo "2217"]
[PlyCount "81"]
[EventDate "2024.07.23"]
[EventType "swiss (blitz)"]
[EventRounds "11"]
[EventCountry "USA"]
[SourceTitle "EXT 2025"]
[Source "ChessBase"]
[SourceDate "2024.10.14"]
[SourceVersion "1"]
[SourceVersionDate "2024.10.14"]
[SourceQuality "1"]

1. e4 d6 2. d4 e5 3. dxe5 dxe5 4. Qxd8+ Kxd8 5. Bc4 f6 6. f4 Bd6 7. fxe5 Bxe5 8. Nf3 Nc6 9. Nc3 Bxc3+ 10. bxc3 Nge7 11. Ba3 Bg4 12. h3 Bxf3 13. gxf3 Ne5 14. Be2 N7g6 15. Bc1 c5 16. Kf2 Kc7 17. f4 Nc6 18. Rg1 Rhg8 19. Bc4 Rge8 20. f5 Nge5 21. Rxg7+ Re7 22. Rxe7+ Nxe7 23. Bf4 N7c6 24. Rg1 Rd8 25. Be6 Kb6 26. Rg7 a5 27. Rxh7 a4 28. h4 a3 29. h5 Rd1 30. h6 Ng4+ 31. Ke2 Rh1 32. Bd5 Nce5 33. Rxb7+ Ka6 34. h7 Rg1 35. Bxe5 Rh1 36. Bf4 Rh4 37. Rg7 Nh2 38. Bc7 c4 39. Bxc4+ Kb7 40. Bg3+ Kc6 41. Bxh4 1-0

[Event "Titled Tuesday intern op 23rd Jul Early"]
[Site "Chess.com INT"]
[Date "2024.07.23"]
[Round "5"]
[White "Bilan, Danila"]
[Black "Wagner, Benjamin"]
[Result "1-0"]
[WhiteElo "2303"]
[BlackElo "2217"]
[PlyCount "153"]
[EventDate "2024.07.23"]
[EventType "swiss (blitz)"]
[EventRounds "11"]
[EventCountry "USA"]
[SourceTitle "EXT 2025"]
[Source "ChessBase"]
[SourceDate "2024.10.14"]
[SourceVersion "1"]
[SourceVersionDate "2024.10.14"]
[SourceQuality "1"]

1. d4 Nf6 2. Nf3 b6 3. g3 Bb7 4. Bg2 e6 5. 0-0 Be7 6. c4 0-0 7. d5 exd5 8. Nh4 d6 9. Nc3 Nbd7 10. Nf5 Re8 11. cxd5 Bf8 12. e4 Nc5 13. Re1 Bc8 14. Nd4 Bd7 15. b4 Na6 16. a3 g6 17. Bb2 Bg7 18. h3 Qc8 19. Kh2 h6 20. Rc1 Qb7 21. f4 Re7 22. e5 Rae8 23. e6 Bc8 24. f5 gxf5 25. Nxf5 fxe6 26. dxe6 c6 27. Nxd6 Qc7 28. Nxe8 Rxe8 29. Ne4 Nxe4 30. Qg4 Qxg3+ 31. Qxg3 Nxg3 32. Bxg7 Kxg7 33. Kxg3 c5 34. bxc5 Nxc5 35. e7 Kf6 36. Rcd1 Rxe7 37. Rxe7 Kxe7 38. Re1+ Kd6 39. Re8 Be6 40. Rh8 a5 41. Rxh6 b5 42. Rh4 Ke5 43. Bf1 Bd7 44. Rf4 Ne4+ 45. Kf3 Nd2+ 46. Kg3 b4 47. axb4 axb4 48. Bc4 b3 49. Bd3 b2 50. Rb4 b1Q 51. Bxb1 Nxb1 52. Rxb1 Bf5 53. Rf1 Kf6 54. Kh4 Kg6 55. Re1 Bd3 56. Re3 Bc2 57. Re6+ Kg7 58. Kg5 Bb1 59. h4 Ba2 60. Re8 Kf7 61. Rh8 Kg7 62. Rh6 Bc4 63. Rb6 Bd5 64. Rd6 Bb3 65. Rd7+ Kf8 66. Kh6 Bc2 67. Rg7 Bb1 68. Rg3 Be4 69. Kg5 Bc2 70. Kf6 Bb1 71. h5 Bc2 72. h6 Bb1 73. Rg7 Bc2 74. h7 Bxh7 75. Rxh7 Kg8 76. Rh6 Kf8 77. Rh8# 1-0

[Event "Titled Tuesday intern op 23rd Jul Early"]
[Site "Chess.com INT"]
[Date "2024.07.23"]
[Round "6"]
[White "Wagner, Benjamin"]
[Black "Gonzalez Velez, Fermin"]
[Result "0-1"]
[WhiteElo "2217"]
[BlackElo "2339"]
[PlyCount "88"]
[EventDate "2024.07.23"]
[EventType "swiss (blitz)"]
[EventRounds "11"]
[EventCountry "USA"]
[SourceTitle "EXT 2025"]
[Source "ChessBase"]
[SourceDate "2024.10.14"]
[SourceVersion "1"]
[SourceVersionDate "2024.10.14"]
[SourceQuality "1"]

1. d4 e6 2. c4 b6 3. Nc3 Bb7 4. Nf3 Bb4 5. e3 f5 6. g3 Nf6 7. Bg2 0-0 8. 0-0 Bxc3 9. bxc3 Nc6 10. Ne5 Na5 11. Bxb7 Nxb7 12. Qf3 Ne4 13. Ba3 d6 14. Nd3 c5 15. Rfe1 Qc7 16. Nf4 Rae8 17. d5 Nd8 18. dxe6 Nxe6 19. Nd5 Qf7 20. h4 Nc7 21. Rad1 Re6 22. Nf4 Rh6 23. Nd5 Nxd5 24. Rxd5 Nxc3 25. Rd3 Qxc4 26. Rd2 Ne4 27. Rdd1 Qa4 28. Bb2 Qxa2 29. Re2 Qe6 30. Qf4 Rg6 31. Ba1 Rg4 32. Qf3 b5 33. Ra2 Rf7 34. Kh2 h6 35. Qe2 b4 36. Ra6 Rg6 37. Qb5 Nxf2 38. Rdxd6 Ng4+ 39. Kh3 Qe4 40. Qf1 Nxe3 41. Qg1 Rg4 42. Rd8+ Kh7 43. Ra8 Qf3 44. R6xa7 Rxh4+ 0-1

[Event "Titled Tuesday intern op 23rd Jul Early"]
[Site "Chess.com INT"]
[Date "2024.07.23"]
[Round "8"]
[White "Wagner, Benjamin"]
[Black "Nugumanov, Bakhtiyar"]
[Result "0-1"]
[WhiteElo "2217"]
[BlackElo "2288"]
[PlyCount "76"]
[EventDate "2024.07.23"]
[EventType "swiss (blitz)"]
[EventRounds "11"]
[EventCountry "USA"]
[SourceTitle "EXT 2025"]
[Source "ChessBase"]
[SourceDate "2024.10.14"]
[SourceVersion "1"]
[SourceVersionDate "2024.10.14"]
[SourceQuality "1"]

1. c4 Nf6 2. Nc3 g6 3. g3 Bg7 4. Bg2 0-0 5. e4 d6 6. Nge2 Nc6 7. 0-0 e5 8. d3 Bg4 9. f3 Be6 10. Be3 Nd7 11. f4 Bg4 12. f5 Bxe2 13. Qxe2 Nd4 14. Bxd4 exd4 15. Nd5 c6 16. f6 Nxf6 17. Nxf6+ Bxf6 18. Rf2 Bg5 19. Kh1 Be3 20. Rf3 Qe7 21. Raf1 Rad8 22. Rf6 Kg7 23. Qf3 Bg5 24. Rf4 Bxf4 25. gxf4 f5 26. Re1 Qh4 27. Re2 fxe4 28. Rxe4 Rde8 29. f5 Rxe4 30. dxe4 Qe1+ 31. Bf1 Qe3 32. Qg4 d3 33. h4 d2 34. h5 Qe1 35. Qg5 Qxf1+ 36. Kh2 Qf2+ 37. Kh3 Qf3+ 38. Kh2 Qxh5+ 0-1

[Event "Titled Tuesday intern op 23rd Jul Late"]
[Site "Chess.com INT"]
[Date "2024.07.23"]
[Round "3"]
[White "Wagner, Benjamin"]
[Black "Wafa, Hamed"]
[Result "0-1"]
[WhiteElo "2217"]
[BlackElo "2356"]
[PlyCount "56"]
[EventDate "2024.07.23"]
[EventType "swiss (blitz)"]
[EventRounds "11"]
[EventCountry "USA"]
[SourceTitle "EXT 2025"]
[Source "ChessBase"]
[SourceDate "2024.10.14"]
[SourceVersion "1"]
[SourceVersionDate "2024.10.14"]
[SourceQuality "1"]

1. e4 c5 2. Nf3 a6 3. c4 Nc6 4. Nc3 Nf6 5. d3 d6 6. Be3 g6 7. h3 Bg7 8. Be2 0-0 9. 0-0 Bd7 10. a4 Rc8 11. Ne1 Ne8 12. f4 Nc7 13. Nc2 Ne6 14. f5 Ned4 15. Nd5 e6 16. Bxd4 Nxd4 17. Nde3 exf5 18. exf5 Re8 19. fxg6 hxg6 20. Bf3 Nxc2 21. Nxc2 b6 22. Rb1 Qg5 23. Bd5 Be6 24. Bxe6 Rxe6 25. Qf3 Rf6 26. Qe3 Rxf1+ 27. Rxf1 Bd4 28. Nxd4 Qxe3+ 0-1

[Event "Oberliga Ost-A 2324"]
[Site "Germany"]
[Date "2024.03.17"]
[Round "9.1"]
[White "Wagner, Benjamin"]
[Black "Henning, Marvin"]
[Result "1-0"]
[WhiteElo "2151"]
[BlackElo "2099"]
[PlyCount "155"]
[EventDate "2023.10.22"]
[EventType "team-tourn"]
[EventRounds "11"]
[EventCountry "GER"]
[SourceTitle "EXT 2025"]
[Source "ChessBase"]
[SourceDate "2024.10.14"]
[SourceVersion "1"]
[SourceVersionDate "2024.10.14"]
[SourceQuality "1"]
[WhiteTeam "Magdeburg Aufbau Elbe II"]
[BlackTeam "Leipzig SG II"]
[WhiteTeamCountry "GER"]
[BlackTeamCountry "GER"]

1. e4 g6 2. d4 Bg7 3. Nc3 c5 4. dxc5 Qa5 5. Bd2 Qxc5 6. Nd5 Na6 7. Nf3 e6 8. Bc3 Kf8 9. Bxg7+ Kxg7 10. Nc3 Nc7 11. Qd2 f6 12. 0-0-0 b5 13. h4 a5 14. h5 a4 15. e5 f5 16. hxg6 h6 17. Ne2 b4 18. Nf4 b3 19. a3 Qxc2+ 20. Qxc2 bxc2 21. Rd3 Ne7 22. Nd4 Ncd5 23. Nxd5 exd5 24. Rf3 Ba6 25. Nxf5+ Nxf5 26. Rxf5 Bxf1 27. Rf7+ Kxg6 28. Rf6+ Kg7 29. Rxf1 Ra7 30. Rd6 Rb8 31. Kxc2 Rc7+ 32. Kb1 Rcb7 33. b4 axb3 34. Rxd5 Kf7 35. f4 Ke8 36. Kb2 Rc8 37. Rc1 Rxc1 38. Kxc1 b2+ 39. Kb1 Rb3 40. Rd6 Rxa3 41. Kxb2 Rg3 42. Kc2 h5 43. Kd2 h4 44. Rh6 Rxg2+ 45. Ke3 Rh2 46. Kf3 h3 47. Kg4 Rg2+ 48. Kxh3 Rg1 49. Kh4 Kf7 50. Kh5 Rg2 51. Rf6+ Ke7 52. Rg6 Rh2+ 53. Kg5 Rh7 54. f5 Kf8 55. Rf6+ Kg7 56. Rd6 Kf8 57. f6 Ke8 58. e6 dxe6 59. Kg6 Rh3 60. f7+ Ke7 61. Rxe6+ Kxe6 62. f8Q Rg3+ 63. Kh5 Rd3 64. Kg5 Rd5+ 65. Kf4 Rd4+ 66. Ke3 Rd5 67. Qe8+ Kd6 68. Ke4 Rc5 69. Qd8+ Kc6 70. Kd4 Rb5 71. Qc8+ Kb6 72. Kc4 Ra5 73. Qd8+ Ka6 74. Qd7 Kb6 75. Kb4 Ra8 76. Qd6+ Kb7 77. Kb5 Ra7 78. Qd8 1-0

[Event "BL2-Nord 2324"]
[Site "Germany"]
[Date "2024.02.24"]
[Round "7.7"]
[White "Seyb, Alexander"]
[Black "Wagner, Benjamin"]
[Result "1-0"]
[WhiteElo "2438"]
[BlackElo "2163"]
[PlyCount "89"]
[EventDate "2023.10.21"]
[EventType "team-tourn"]
[EventRounds "10"]
[EventCountry "GER"]
[SourceTitle "EXT 2025"]
[Source "ChessBase"]
[SourceDate "2024.10.14"]
[SourceVersion "1"]
[SourceVersionDate "2024.10.14"]
[SourceQuality "1"]
[WhiteTeam "Berlin SF"]
[BlackTeam "Magdeburg"]
[WhiteTeamCountry "GER"]
[BlackTeamCountry "GER"]

1. e4 e5 2. Nf3 Nc6 3. Bb5 a6 4. Ba4 Nf6 5. 0-0 Be7 6. d3 b5 7. Bb3 d6 8. a3 0-0 9. Nc3 Be6 10. Bg5 Nd7 11. Be3 Bxb3 12. cxb3 Bf6 13. Nd5 Ne7 14. b4 c6 15. Nxf6+ Nxf6 16. Rc1 Rc8 17. Re1 Ng6 18. Nd2 d5 19. Qf3 h6 20. Nb3 d4 21. Bd2 Nd7 22. Rc2 Qe7 23. Qh3 Qd6 24. Rec1 Ne7 25. Na5 Rc7 26. g3 Rfc8 27. Nb3 g5 28. Nc5 Nxc5 29. Rxc5 Kg7 30. Rf1 Ng6 31. Qf5 f6 32. f4 Rf8 33. Qg4 Kh7 34. f5 Ne7 35. h4 Ng8 36. Kf2 Rg7 37. Rh1 Qd7 38. hxg5 fxg5 39. Bxg5 Qe6 40. Qh4 Rxf5+ 41. exf5 Qxf5+ 42. Bf4 Nf6 43. Ke2 Nd5 44. Qxh6+ Kg8 45. Qxc6 1-0

[Event "Oberliga Ost-A 2324"]
[Site "Germany"]
[Date "2023.10.22"]
[Round "1.1"]
[White "Bilous, Mykhailo"]
[Black "Wagner, Benjamin"]
[Result "1-0"]
[WhiteElo "2419"]
[BlackElo "2139"]
[PlyCount "75"]
[EventDate "2023.10.22"]
[EventType "team-tourn"]
[EventRounds "11"]
[EventCountry "GER"]
[SourceTitle "EXT 2025"]
[Source "ChessBase"]
[SourceDate "2024.10.14"]
[SourceVersion "1"]
[SourceVersionDate "2024.10.14"]
[SourceQuality "1"]
[WhiteTeam "Dessau"]
[BlackTeam "Magdeburg Aufbau Elbe II"]
[WhiteTeamCountry "GER"]
[BlackTeamCountry "GER"]

1. d4 d5 2. c4 e6 3. Nc3 Bb4 4. e3 Nf6 5. Bd2 c5 6. Nf3 0-0 7. Qc2 cxd4 8. exd4 Nc6 9. a3 Bd6 10. Bg5 h6 11. Bh4 dxc4 12. Bxc4 Be7 13. Rd1 Nd5 14. Bg3 Nxc3 15. Qxc3 Bf6 16. 0-0 Qb6 17. Rd2 Rd8 18. Rfd1 Ne7 19. Be5 Nd5 20. Qc2 Qc6 21. Qd3 a6 22. Ba2 b5 23. Bb1 Bb7 24. Qh7+ Kf8 25. Be4 Qd7 26. Rc2 Rac8 27. Rxc8 Rxc8 28. Bxd5 Qxd5 29. Bxf6 gxf6 30. Qxh6+ Ke7 31. Qe3 Rg8 32. Kh1 Qf5 33. d5 Bxd5 34. Qc5+ Kd7 35. Qa7+ Kd6 36. Rc1 Bc6 37. Rxc6+ Kxc6 38. Nd4+ 1-0

[Event "Oberliga Ost-A 2223"]
[Site "Germany"]
[Date "2023.02.26"]
[Round "9.8"]
[White "Sieber, Martin1"]
[Black "Wagner, Benjamin"]
[Result "1-0"]
[WhiteElo "1946"]
[BlackElo "2123"]
[PlyCount "55"]
[EventDate "2022.09.18"]
[EventType "team-tourn"]
[EventRounds "11"]
[EventCountry "GER"]
[SourceTitle "EXT 2025"]
[Source "ChessBase"]
[SourceDate "2024.10.14"]
[SourceVersion "1"]
[SourceVersionDate "2024.10.14"]
[SourceQuality "1"]
[WhiteTeam "Sangerhausen"]
[BlackTeam "Magdeburg Aufbau Elbe"]
[WhiteTeamCountry "GER"]
[BlackTeamCountry "GER"]

1. d4 Nf6 2. Nf3 d5 3. c4 e6 4. g3 Bb4+ 5. Bd2 Bd6 6. Bg2 0-0 7. Qc2 c6 8. 0-0 Nbd7 9. Nc3 dxc4 10. e4 Be7 11. a4 c5 12. d5 exd5 13. e5 Ne8 14. Nxd5 Nb6 15. Nxe7+ Qxe7 16. a5 Nd7 17. Ng5 g6 18. f4 Ng7 19. Qxc4 b5 20. Qxb5 Rb8 21. Qc4 Rxb2 22. Bc3 Rxg2+ 23. Kxg2 Nb8 24. Ne4 Ba6 25. Qxc5 Bxf1+ 26. Kxf1 Qb7 27. Nf6+ Kh8 28. Qxf8# 1-0

[Event "Oberliga Ost-A 2223"]
[Site "Germany"]
[Date "2022.09.04"]
[Round "1.8"]
[White "Schroeter, Lucas"]
[Black "Wagner, Benjamin"]
[Result "1/2-1/2"]
[WhiteElo "1840"]
[BlackElo "2082"]
[PlyCount "81"]
[EventDate "2022.09.18"]
[EventType "team-tourn"]
[EventRounds "11"]
[EventCountry "GER"]
[SourceTitle "EXT 2025"]
[Source "ChessBase"]
[SourceDate "2024.10.14"]
[SourceVersion "1"]
[SourceVersionDate "2024.10.14"]
[SourceQuality "1"]
[WhiteTeam "Magdeburg USC"]
[BlackTeam "Magdeburg Aufbau Elbe"]
[WhiteTeamCountry "GER"]
[BlackTeamCountry "GER"]

1. e4 e5 2. Bc4 Nf6 3. d3 c6 4. Nf3 d5 5. Bb3 Bd6 6. Nc3 d4 7. Ne2 Bg4 8. Ng3 c5 9. 0-0 Nc6 10. h3 Bd7 11. Nf5 Bxf5 12. exf5 Qd7 13. Ng5 0-0 14. Ne4 Be7 15. g4 Kh8 16. Qf3 Nxe4 17. Qxe4 Na5 18. Bd2 Nxb3 19. axb3 Bd6 20. Kg2 Rfe8 21. h4 b6 22. Ra6 Rac8 23. h5 Bb8 24. g5 Rc6 25. Rh1 f6 26. g6 h6 27. Kf3 Rec8 28. Rha1 Rd6 29. Kg4 Rdc6 30. Kf3 Kg8 31. Ke2 Kf8 32. Kd1 R6c7 33. R1a2 Kg8 34. Ra1 Rc6 35. R1a2 Qd6 36. Ra1 Qd7 37. R1a2 R8c7 38. Ra1 Kf8 39. R1a2 Kg8 40. Ra1 Rc8 41. R1a2 1/2-1/2